Vận hành quyền lực ở điện Kremli

Guardado en:
Detalles Bibliográficos
Autor principal: Mlechin, Leonit
Formato: Libro
Lenguaje:Undetermined
Publicado: Hà Nội Lao động 2004
Materias:
Etiquetas: Agregar Etiqueta
Sin Etiquetas, Sea el primero en etiquetar este registro!
Thư viện lưu trữ: Trung tâm Học liệu Trường Đại học Cần Thơ
LEADER 00517nam a2200193Ia 4500
001 CTU_93743
008 210402s9999 xx 000 0 und d
020 |c 55000 
082 |a 321.0092 
082 |b M685 
100 |a Mlechin, Leonit 
245 0 |a Vận hành quyền lực ở điện Kremli 
245 0 |c Leonit Mlechin 
260 |a Hà Nội 
260 |b Lao động 
260 |c 2004 
650 |a Presidents 
904 |i Trúc 
980 |a Trung tâm Học liệu Trường Đại học Cần Thơ